Представление документа в формате RUSMARC

ПолеНазваниеЗначение
  Тип записи c
  Библиографический уровень m
001 Контрольный номер RU/УОНБ/EK_N/570885054
005 Дата корректировки 20250520124131.9
010 Индекс ISBN __
9 Тираж 740 экз.
013 Номер (ISMN) __
d Цена 40 к.
071 Издательские номер (звукозапись и ноты) 21
a Номер, присвоенный агентством 2818
100 Данные общей обработки __
a Данные общей обработки 20180202d1973 u y0rusy0189||||ca
101 Язык документа 0_
a Язык текста rus
f Язык титульного листа rus
102 Страна публикации __
a Страна публикации RU
105 Кодированные данные (монография) __
a Кодированные данные (монография) y###||||000|y
125 Кодированные данные звукозаписи и нотных изданий __
a Форма изложения нотного текста с|
128 Кодированные данные (звукозаписи-физические характеристики) __
a Кодированные данные: Музыкальная форма и тональность или лад li
b Инструменты или голоса, необходимые для ансамблей (устаревшее) ka||
c Инструменты или голоса, рекомендуемые для солистов (устаревшее) vu||
200 Заглавие и сведения об ответственности 1_
a Заглавие Вокальные произведения
b Общее обозначение материала Ноты
e Сведения, относящиеся к заглавию для голоса и фп., [органа]
f Первые сведения об ответственности Валерий Кикта
210 Выходные данные 1_
a Место издания Москва
c Издательство Советский композитор
d Дата издания 1973
215 Физическое описание __
a Объем 31 с.
d Формат 29 см
327 Примечание о содержании 11
a Примечание о содержании Содерж. : Пробуждение : вок. цикл на сл. А. С. Пушкина : Ор. 37 : Роза ; Играй, Адель ; Юношу, горько рыдая... ; Мадригал М...ой ; Лишь розы увядают ; Буря ; Пробуждение. - Концерт для голоса и органа : Ор. 19.
464 Аналитический уровень _0
1 2001
a Роза
e Где наша роза, друзья мои?..
e из вок. цикла на сл. А. С. Пушкина "Пробуждение"
e Ор. 37
1 702 1
a Пушкин
b А. С.
4 520
1 50010
a Пробуждение
464 Аналитический уровень _0
1 2001
a Концерт для голоса и органа
e Ля, ля, ля, ля...
e Ор. 19
464 Аналитический уровень _0
1 2001
a Играй, Адель
e Играй, Адель, не знай печали...
e из вок. цикла на сл. А. С. Пушкина "Пробуждение"
e Ор. 37
1 702 1
a Пушкин
b А. С.
4 520
1 50010
a Пробуждение
464 Аналитический уровень _0
1 2001
a Юношу, горько рыдая...
e Юношу, горько рыдая, ревнивая дева бранила...
e из вок. цикла на сл. А. С. Пушкина "Пробуждение"
e Ор. 37
1 702 1
a Пушкин
b А. С.
4 520
1 50010
a Пробуждение
464 Аналитический уровень _0
1 2001
a Мадригал М...ой
e О вы, которые любовью не горели...
e из вок. цикла на сл. А. С. Пушкина "Пробуждение"
e Ор. 37
1 702 1
a Пушкин
b А. С.
4 520
1 50010
a Пробуждение
464 Аналитический уровень _0
1 2001
a Лишь розы увядают
e Лишь розы увядают...
e из вок. цикла на сл. А. С. Пушкина "Пробуждение"
e Ор. 37
1 702 1
a Пушкин
b А. С.
4 520
1 50010
a Пробуждение
464 Аналитический уровень _0
1 2001
a Буря
e Ты видел деву на скале...
e из вок. цикла на сл. А. С. Пушкина "Пробуждение"
e Ор. 37
1 702 1
a Пушкин
b А. С.
4 520
1 50010
a Пробуждение
464 Аналитический уровень _0
1 2001
a Пробуждение
e Мечты, мечты, где ваша сладость?..
e из вок. цикла на сл. А. С. Пушкина "Пробуждение"
e Ор. 37
1 702 1
a Пушкин
b А. С.
4 520
1 50010
a Пробуждение
512 Заглавие обложки 1_
a Заглавие обложки Вокальные произведения
600 Персоналии _1
a Персоналии (Фамилия) Кикта, Валерий Григорьевич
606 Тематические рубрики 0_
a Основная рубрика Вокальные произведения советских композиторов
610 Ключевые слова 0_
a Ключевые слова вокальные произведения советских композиторов
610 Ключевые слова 0_
a Ключевые слова Кикта В. Г.
686 Индексы других классификаций __
a Классификационный индекс 85.943.4-42-043(2)
a Классификационный индекс 85.943.4-43-042(2)
2 Код системы rubbk
700 Автор _1
a Фамилия Кикта
b Имя (инициалы) В. Г.
g Полное личное имя Валерий Григорьевич
801 Источник записи _0
a Страна RU
b Организация Ульяновская ОНБ
c Дата составления 20180202
g Правила каталогизации RCR
801 Источник записи _1
a Страна RU
b Организация Ульяновская ОНБ
c Дата составления 20180202
g Правила каталогизации RCR
901 Тип документа __
t Тип документа m
909 Создатель записи __
a Создатель записи Грязнова И. Е.
910 Корректоры записи __
a Корректор записи Илямакова
938 Служебная информация __
a Имя БД noti
b Имя библиотеки УОНБ
c Имя АИБС МАРК-SQL
d Номер DOC_ID в БД 17658